Gaming Quiz

Random Gaming or Nintendo Quiz

Characters by Attack Quiz Stats

 Plays Quiz not verified by Sporcle

Score 0/20 Timer 05:00
0 Plays Today
% Correct
Mario (Super Mario Brothers)
80.4%
Sonic (Sonic the Hedgehog)
80.2%
Pac-Man (Pac-Man)
79.3%
Sub-Zero (Mortal Kombat)
74.4%
Ryu (Street Fighter)
73.8%
Mega Man (Mega Man)
73.6%
Gwyn (Dark Souls)
73.1%
Charizard (Pokémon)
72.8%
Link (The Legend of Zelda)
72.3%
Jade (Beyond Good and Evil)
70.6%
% Correct
Master Chief (Halo)
70.3%
Jill Valentine (Resident Evil)
65%
Lara Croft (Tomb Raider: Legend)
64.9%
Kratos (God of War III)
63%
Vivi (Final Fantasy IX)
62.4%
Prince (Prince of Persia: The Sands of Time)
58.3%
Ratchet (Ratchet & Clank)
56.8%
Dr. Gordon Freeman (Half-Life)
54.6%
Guybrush Threepwood (The Curse of Monkey Island)
52.4%
Minsc (Baldur’s Gate)
44.7%

You're not logged in!

Compare scores with friends on all Sporcle quizzes.
OR
Log In

Show Comments

Extras

Top Quizzes Today


Score Distribution

Your Account Isn't Verified!

In order to create a playlist on Sporcle, you need to verify the email address you used during registration. Go to your Sporcle Settings to finish the process.

Report this User

Report this user for behavior that violates our Community Guidelines.

Details: